Statistics for Top 10 Toronto Raptors NBA Starters

Click here to take the quiz!

General Stats

  • This quiz has been taken 173 times
    (147 since last reset)
  • The average score is 14 of 26

Answer Stats

TeamPlayer% Correct
2013-14, 2014-15, 2015-16, 2016-17, 2017-18, 2018-19, 2019-20Kyle Lowry
99%
2018-19Kawhi Leonard
98%
2018-19, 2019-20, 2021-22Pascal Siakam
96%
2013-14, 2014-15, 2015-16, 2016-17, 2017-18DeMar DeRozan
95%
2000-01Vince Carter
94%
2018-19, 2019-20Marc Gasol
88%
2019-20, 2021-22Fred VanVleet
86%
2013-14, 2014-15, 2015-16, 2016-17, 2017-18Jonas Valančiūnas
77%
2018-19Danny Green
75%
2006-07Chris Bosh
70%
2017-18, 2019-20, 2021-22OG Anunoby
64%
2016-17, 2017-18Serge Ibaka
59%
2000-01Antonio Davis
49%
2013-14, 2014-15Amir Johnson
47%
2021-22Scottie Barnes
47%
2000-01Alvin Williams
40%
2013-14, 2014-15Terrence Ross
38%
2021-22Gary Trent Jr.
35%
2015-16, 2016-17DeMarre Carroll
31%
2000-01Mark Jackson
18%
2000-01Charles Oakley
14%
2015-16Luis Scola
14%
2006-07Anthony Parker
6%
2006-07Rasho Nesterović
6%
2006-07T.J. Ford
5%
2006-07Jorge Garbajosa
3%

Score Distribution

Percentile by Number Answered

Percent of People with Each Score

Your Score History

You have not taken this quiz since the last reset